LEADER 01201nam0-2200397li-450 001 990000156340203316 005 20180918160652.0 010 $a0-90604-889-3 035 $a0015634 035 $aUSA010015634 035 $a(ALEPH)000015634USA01 035 $a0015634 100 $a20019950319831993993y0itay0103----ba 101 0 $aeng 102 $aGB 200 1 $aIndustrial microwave heating$fA. C. Metaxas, R. J. Meredith 210 $aLondon$cPeter Peregrinus$dcopyr. 1983 (stampa 1993) 225 2 $aPower Engineering Series$v4 410 0$12001$aPower Engineering Series 610 1 $aMicroonde 676 $a621.3813 700 1$aMETAXAS,$bA. C.$0745933 702 1$aMEREDITH,$bRoger 801 $aSistema bibliotecario di Ateneo dell' Universitą di Salerno$gRICA 912 $a990000156340203316 951 $a621.3813 MET$b0005678 959 $aBK 969 $aTEC 979 $c19950303 979 $c20001110$lUSA01$h1712 979 $c20020403$lUSA01$h1623 979 $aPATRY$b90$c20040406$lUSA01$h1611 979 $aPAOLA$b90$c20050208$lUSA01$h1002 979 $aPAOLA$b90$c20050208$lUSA01$h1004 996 $aIndustrial microwave heating$91488238 997 $aUNISA LEADER 02411nam 22004935 450 001 9910967188903321 005 20251117081813.0 010 $a1-61811-512-X 024 7 $a10.1515/9781618115126 035 $a(CKB)3710000000851813 035 $a(MiAaPQ)EBC4568825 035 $a(DE-B1597)541111 035 $a(OCoLC)958454796 035 $a(DE-B1597)9781618115126 035 $a(EXLCZ)993710000000851813 100 $a20191221d2016 fg 101 0 $aeng 135 $aurcnu|||||||| 181 $2rdacontent 182 $2rdamedia 183 $2rdacarrier 200 10$aAcco Festival $eBetween Celebration and Confrontation /$fNaphtaly Shem-Tov 210 1$aBoston, MA :$cAcademic Studies Press,$d[2016] 210 4$d©2016 215 $a1 online resource (243 pages) 225 0 $aIsrael: Society, Culture, and History 311 08$a1-61811-511-1 320 $aIncludes bibliographical references and index. 327 $tFrontmatter --$tContents --$tPreface and Acknowledgements --$tIntroduction --$tCHAPTER ONE. Artistic Direction and the Political: Exception Takes the Stage? --$tCHAPTER TWO. Performance Repertoire: Representations of Social Conflicts --$tCHAPTER THREE. Organization, Budget, and Infrastructure: Between Center and Periphery --$tCHAPTER FOUR. Festival Reception: Judgment, Criticism, Audience --$tCHAPTER FIVE. Host Community: Policy and Resistance --$tReferences --$tIndex 330 $aThis research follows the history of the Acco Festival for Other Israeli Theatre from 1980-2012, chronicling it as a site of celebration as well as confrontation. The Acco Festival is presented as a borderland that brings together established mainstream directors and actors, alternative artists from the fringes, and Acco's Jewish and Arab residents. The book explores the festival's artistic direction; repertoire; organization, budget, and infrastructure; reception; and the Acco host community. 410 0$aIsrael (Boston, Mass.) 606 $aFestivals 606 $aPerforming arts festivals$zIsrael 607 $aIsrael$xAcre 615 0$aFestivals. 615 0$aPerforming arts festivals 676 $a394.26 700 $aShem-T?ov$b Naftali$4aut$4http://id.loc.gov/vocabulary/relators/aut.$01879865 801 0$bDE-B1597 801 1$bDE-B1597 906 $aBOOK 912 $a9910967188903321 996 $aAcco Festival$94493424 997 $aUNINA